01782cam a2200409 a 45000010008000000030009000080050017000170080041000340200015000750200018000900400038001080410013001460430012001590820021001711000043001922450126002352640067003613000029004283360026004573370028004833380027005114900034005385040041005725460059006136500010006726510103006826510045007856530021008306550024008517000078008758560095009538560087010488560047011359420012011829990017011949520161012112542187EG-ScBUE20220316134236.0940610s1995 cau f b 000 0 eng d a0520087682 a9780520087682 aDLCbengerdacDLCdDLCdEG-ScBUE1 aenghara aa-le---04a892.716222bDAR1 aDarwīsh, Maḥmūd,eauthor.92477910aMemory for Forgetfulness :bAugust, Beirut, 1982 /cMahmoud Darwish ; translated, with an introduction by Ibrahim Muhawi. 1aBerkeley, California :bUniversity of California Press,c1995. axxx, 182 pages ;c23 cm. 2rdacontentatextbtxt 2rdamediaaunmediatedbn 2rdacarrieravolumebnc0 aLiterature of the Middle East aIncludes bibliographical references. aText in English ; translated from the original Arabic. 2BUEsh 7aLebanonxHistoryyIsraeli intervention, 1982-1985xPersonal narratives, Palestinian.2BUEsh924781 7aBeirut (Lebanon)xHistory.2BUEsh924782 cJune2011bARALIT vReading book9342321 aMuhawi, Ibrahim,d1937-924783etranslator.eauthor of introduction, etc.423Contributor biographical informationuhttp://www.loc.gov/catdir/bios/ucal051/94026351.html423Publisher descriptionuhttp://www.loc.gov/catdir/description/ucal041/94026351.html41uhttp://ark.cdlib.org/ark:/13030/ft1z09n7g7 2ddccBB c15560d15560 00102ddc40708BaccahaMAINbMAINc2NDd2011-06-06epurchaseg120.00h12344l1m3o892.716 DARp000023967r2025-07-15 00:00:00s2014-12-14w2011-06-06yBB